Možnosti využitia sociálnych sietí v marketingovej komunikácii podnikov bakalárska práca

Enregistré dans:
Détails bibliographiques
Auteur principal: Skýpala, Dušan
Collectivité auteur: Obchodná fakulta EU. Katedra informatiky obchodných firiem
Autres auteurs: Hlavatý, Ivan, 1978-
Format: Livre
Langue:slovaque
Publié: Bratislava 2015
Tags: Ajouter un tag
Pas de tags, Soyez le premier à ajouter un tag!

MARC

LEADER 00000nbm a2200000 4500
001 0203351
005 20161212110435.4
041 0 |a slo 
044 |a SK 
245 1 0 |a Možnosti využitia sociálnych sietí v marketingovej komunikácii podnikov  |b bakalárska práca  |c Dušan Skýpala ; školiteľ: Ivan Hlavatý 
264 1 |a Bratislava  |c 2015 
300 |a 44 s. 
100 1 |a Skýpala, Dušan 
700 1 |a Hlavatý, Ivan, 1978- 
710 2 |a Obchodná fakulta EU. Katedra informatiky obchodných firiem